Tous les blasons du Lot-et-Garonne - Statistiques

Statistiques générales
  • Ce quiz a été pris 10 fois
  • Le résultat moyen est 21 sur 170
Statistiques - réponses
Par images Réponse % Correct
Agen
89%
Nérac
67%
Villeneuve-sur-Lot
67%
Marmande
56%
Monflanquin
56%
Aiguillon
44%
Casteljaloux
44%
Duras
44%
Tonneins
44%
Astaffort
33%
Bon-Encontre
33%
Buzet-sur-Baïse
33%
Castelnau-sur-Gupie
33%
Fumel
33%
Le Passage d'Agen
33%
Miramont-de-Guyenne
33%
Penne-d'Agenais
33%
Pont-du-Casse
33%
Port-Sainte-Marie
33%
Pujols
33%
Sainte-Bazeille
33%
Sainte-Livrade-sur-Lot
33%
Varès
33%
Aubiac
22%
Bajamont
22%
Bias
22%
Brax
22%
Cancon
22%
Castella
22%
Castillonnès
22%
Colayrac-Saint-Cirq
22%
Damazan
22%
Estillac
22%
Foulayronnes
22%
Lafox
22%
Laroque-Timbaut
22%
La Sauvetat-de-Savères
22%
La Sauvetat-du-Dropt
22%
Lauzun
22%
Layrac
22%
Le Mas-d'Agenais
22%
Le Temple-sur-Lot
22%
Meilhan-sur-Garonne
22%
Mézin
22%
Prayssas
22%
Puymirol
22%
Sainte-Colombe-en-Bruilhois
22%
Saint-Maurice-de-Lestapel
22%
Saint-Pierre-sur-Dropt
22%
Sos
22%
Tournon-d'Agenais
22%
Villeréal
22%
Virazeil
22%
Allez-et-Cazeneuve
11%
Andiran
11%
Anzex
11%
Beaupuy
11%
Beauville
11%
Castelculier
11%
Castelmoron-sur-Lot
11%
Caudecoste
11%
Caumont-sur-Garonne
11%
Clairac
11%
Cocumont
11%
Dausse
11%
Fals
11%
Feugarolles
11%
Fourques-sur-Garonne
11%
Francescas
11%
Fréchou
11%
Lacapelle-Biron
11%
Lagupie
11%
Laplume
11%
Laugnac
11%
Lavardac
11%
Marmont-Pachas
11%
Moirax
11%
Monbahus
11%
Monsempron-Libos
11%
Montayral
11%
Monteton
11%
Montpezat
11%
Nicole
11%
Roquefort
11%
Saint-Antoine-de-Ficalba
11%
Saint-Barthélémy-d'Agenais
11%
Sainte-Marthe
11%
Sainte-Maure-de-Peyriac
11%
Saint-Étienne-de-Fougères
11%
Saint-Front-sur-Lémance
11%
Saint-Hilaire-de-Lusignan
11%
Saint-Martin-de-Beauville
11%
Saint-Sardos
11%
Saint-Sernin
11%
Sauvagnas
11%
Trentels
11%
Vianne
11%
Villefranche-du-Queyran
11%
Agnac
0%
Allemans-du-Dropt
0%
Antagnac
0%
Anthé
0%
Argenton
0%
Armillac
0%
Auradou
0%
Auriac-sur-Dropt
0%
Barbaste
0%
Bazens
0%
Beaugas
0%
Beauziac
0%
Birac-sur-Trec
0%
Blanquefort-sur-Briolance
0%
Boudy-de-Beauregard
0%
Bouglon
0%
Casseneuil
0%
Cassignas
0%
Clermont-Dessous
0%
Clermont-Soubiran
0%
Dondas
0%
Doudrac
0%
Fargues-sur-Ourbise
0%
Frégimont
0%
Frespech
0%
Gontaud-de-Nogaret
0%
Granges-sur-Lot
0%
Grayssas
0%
Hautesvignes
0%
Jusix
0%
Labastide-Castel-Amouroux
0%
Labretonie
0%
Lacépède
0%
La Croix-Blanche
0%
Lagruère
0%
Laparade
0%
Lavergne
0%
Loubès-Bernac
0%
Lusignan-Petit
0%
Marcellus
0%
Massels
0%
Mauvezin-sur-Gupie
0%
Monbalen
0%
Moncaut
0%
Monclar
0%
Moncrabeau
0%
Montesquieu
0%
Montpouillan
0%
Monviel
0%
Moustier
0%
Nomdieu
0%
Pindères
0%
Pinel-Hauterive
0%
Poudenas
0%
Puch-d'Agenais
0%
Roumagne
0%
Saint-Léger
0%
Saint-Léon
0%
Saint-Martin-Petit
0%
Saint-Maurin
0%
Saint-Pastour
0%
Saint-Robert
0%
Saint-Sixte
0%
Saint-Urcisse
0%
Sénestis
0%
Tayrac
0%
Thouars-sur-Garonne
0%
Tombebœuf
0%
Tourtrès
0%
Verteuil-d'Agenais
0%
Villebramar
0%
Xaintrailles
0%
Aucun quiz correspondant
Distribution des résultats
% des personnes avec chaque résultat
Percentile par nombre de réponses
Votre historique - résultats
Vous n’avez pas pris ce quiz